| Tag |
First Indicator |
Second Indicator |
Subfields |
| LEADER |
00000cam a2200000 a 4500 |
| 001 |
in00000076226 |
| 005 |
20151008060504.0 |
| 008 |
800124s1978 fr a b 00010 frem |
| 010 |
|
|
|a 79396572
|
| 015 |
|
|
|a F79-2070
|
| 020 |
|
|
|c 49.00F
|
| 035 |
|
|
|a (OCoLC)06014366
|
| 035 |
|
|
|9 AAJ5862AM
|
| 040 |
|
|
|a DLC
|c DLC
|d m.c.
|d TXA
|d UtOrBLW
|
| 049 |
|
|
|a TXAM
|c [1387546]
|
| 050 |
0 |
0 |
|a TJ163.2
|b .M64
|
| 082 |
0 |
|
|a 333.79
|
| 100 |
1 |
|
|a Montbrial, Thierry de.
|
| 245 |
1 |
2 |
|a L'Energie, le compte a rebours /
|c rapport au Club de Rome ; [redige par] Thierry de Montbrial ; recommandations de Robert Lattes et Carroll Wilson.
|
| 264 |
|
1 |
|a [Paris] :
|b J.-C. Lattes,
|c 1978.
|
| 300 |
|
|
|a 317 pages, 2 unnumbered pages :
|b illustrations ;
|c 23 cm.
|
| 336 |
|
|
|a text
|b txt
|2 rdacontent
|
| 337 |
|
|
|a unmediated
|b n
|2 rdamedia
|
| 338 |
|
|
|a volume
|b nc
|2 rdacarrier
|
| 504 |
|
|
|a Bibliography: pages 315-[318].
|
| 650 |
|
0 |
|a Power resources.
|
| 650 |
|
0 |
|a Energy policy.
|
| 700 |
1 |
|
|a Lattès, Robert,
|d 1927-
|
| 700 |
1 |
|
|a Wilson, Carroll L.
|
| 710 |
2 |
|
|a Club of Rome.
|
| 999 |
|
|
|a MARS
|
| 999 |
f |
f |
|s 92cf3359-dbb1-33c7-ad8d-95193634a78a
|i 94344855-5981-3b8f-a6ff-fe77a8a726ac
|t 0
|
| 952 |
f |
f |
|p ric
|a Texas A&M University
|b Rellis Campus
|c Joint Library Facility
|d Remote Storage
|t 0
|e TJ163.2 .M64
|h Library of Congress classification
|i unmediated -- volume
|m A14806248417
|
| 998 |
f |
f |
|a TJ163.2 .M64
|t 0
|l Remote Storage
|